Nascar Champions - Statistics

General Stats
  • This quiz has been taken 17 times
  • The average score is 59 of 76
Answer Stats
Year Name % Correct
2004 Kurt Busch
100%
2019 Kyle Busch
100%
2015 Kyle Busch
100%
2011 Tony Stewart
100%
2005 Tony Stewart
100%
2002 Tony Stewart
100%
2001 Jeff Gordon
94%
1998 Jeff Gordon
94%
1997 Jeff Gordon
94%
1995 Jeff Gordon
94%
2016 Jimmie Johnson
94%
2012 Jimmie Johnson
94%
2010 Jimmie Johnson
94%
2009 Jimmie Johnson
94%
2008 Jimmie Johnson
94%
2007 Jimmie Johnson
94%
2006 Jimmie Johnson
94%
2024 Joey Logano
94%
2022 Joey Logano
94%
2018 Joey Logano
94%
2021 Kyle Larson
94%
1988 Bill Elliott
88%
2000 Bobby Labonte
88%
2020 Chase Elliott
88%
1994 Dale Earnhardt
88%
1993 Dale Earnhardt
88%
1991 Dale Earnhardt
88%
1990 Dale Earnhardt
88%
1987 Dale Earnhardt
88%
1986 Dale Earnhardt
88%
1980 Dale Earnhardt
88%
1979 Richard Petty
88%
1975 Richard Petty
88%
1974 Richard Petty
88%
1972 Richard Petty
88%
1971 Richard Petty
88%
1968 Richard Petty
88%
1967 Richard Petty
88%
1964 Richard Petty
88%
1996 Terry Labonte
88%
1984 Terry Labonte
88%
2013 Brad Keselowski
81%
2014 Kevin Harvick
81%
1959 Lee Petty
81%
1958 Lee Petty
81%
1954 Lee Petty
81%
2003 Matt Kenseth
81%
2023 Ryan Blaney
81%
2017 Martin Truex Jr.
75%
1992 Alan Kulwicki
69%
1983 Bobby Allison
69%
1999 Dale Jarrett
69%
1965 Ned Jarrett
69%
1961 Ned Jarrett
69%
1978 Cale Yarborough
63%
1977 Cale Yarborough
63%
1976 Cale Yarborough
63%
1985 Darrell Waltrip
63%
1982 Darrell Waltrip
63%
1981 Darrell Waltrip
63%
1969 David Pearson
63%
1966 David Pearson
63%
1973 Benny Parsons
56%
1957 Buck Baker
56%
1956 Buck Baker
56%
1949 Red Byron
56%
1989 Rusty Wallace
50%
1950 Bill Rexford
44%
1953 Herb Thomas
44%
1951 Herb Thomas
44%
1955 Tim Flock
44%
1952 Tim Flock
44%
1963 Joe Weatherly
38%
1962 Joe Weatherly
38%
1960 Rex White
38%
1970 Bobby Isaac
31%
No matching quizzes found
Score Distribution
Percent of People with Each Score
Percentile by Number Answered
Your Score History
You have not taken this quiz